00196nam a2200073Ia 4500082000800000245002700008100004600035008004100081 aKEL 0aBruid vir La Provence  a KELSEY, Madelein Pretoria, 1994 210817s9999 xx 000 0 und d